Radiodiagnóstico de pequeños animales (Record no. 139705)

MARC details
000 -LEADER
fixed length control field nam a22 7a 4500
005 - DATE AND TIME OF LATEST TRANSACTION
control field 20180411124522.0
008 - FIXED-LENGTH DATA ELEMENTS--GENERAL INFORMATION
fixed length control field 180411b sp ||||| |||| 00| 0 spa d
020 ## - INTERNATIONAL STANDARD BOOK NUMBER
International Standard Book Number 8476157975
050 04 - LIBRARY OF CONGRESS CALL NUMBER
Classification number SF757.8
Item number R33 1992
245 00 - TITLE STATEMENT
Title Radiodiagnóstico de pequeños animales
Statement of responsibility, etc / A. Agut Gimenez...[et al.].
250 ## - EDITION STATEMENT
Edition statement 1a.
260 ## - PUBLICATION, DISTRIBUTION, ETC. (IMPRINT)
Place of publication, distribution, etc España :
Name of publisher, distributor, etc Interamericana,
-- McGraw-Hill,
Date of publication, distribution, etc 1992
300 ## - PHYSICAL DESCRIPTION
Extent xi, 326 p :
Other physical details il ;
Dimensions 25 cm.
650 #7 - SUBJECT ADDED ENTRY--TOPICAL TERM
Source of heading or term Lemb
Topical term or geographic name as entry element Radiografía veterinaria
General subdivision Medicina veterinaria
650 #7 - SUBJECT ADDED ENTRY--TOPICAL TERM
Topical term or geographic name as entry element Radiología veterinaria
General subdivision Medicina veterinaria
700 1# - ADDED ENTRY--PERSONAL NAME
Personal name Agut Gimenez, A.,
Relator term autor.
700 1# - ADDED ENTRY--PERSONAL NAME
Personal name Sánchez-Valverde, M. A.,
Relator term autor.
700 1# - ADDED ENTRY--PERSONAL NAME
Personal name Lasaosa, J. M.,
Relator term autor.
700 1# - ADDED ENTRY--PERSONAL NAME
Personal name Laredo, F. G.,
Relator term autor.
942 ## - ADDED ENTRY ELEMENTS (KOHA)
Source of classification or shelving scheme Biblioteca del Cogreso de los Estados Unidos
Koha item type Libro
Holdings
Estado de pérdida Fuente de clasificación Estado del daño No para préstamo Ubicación permanente Ubicación actual Apartado o colección Fecha de adquisición Edición Área del conocimiento Clasificación Código de Barras Date last seen Número de copia Tipo de recurso
  Biblioteca del Cogreso de los Estados Unidos     Biblioteca de la Facultad de Medicina Veterinaria y Zootecnia Biblioteca de la Facultad de Medicina Veterinaria y Zootecnia General 11/04/2018 1a. Ciencias Agropecuarias SF757.8 R33 1992 MVZ000004540 11/04/2018 C : 1 Libro
  Biblioteca del Cogreso de los Estados Unidos     Biblioteca de la Facultad de Medicina Veterinaria y Zootecnia Biblioteca de la Facultad de Medicina Veterinaria y Zootecnia General 11/04/2018 1a. Ciencias Agropecuarias SF757.8 R33 1992 MVZ000004541 11/04/2018 C : 2 Libro
  Biblioteca del Cogreso de los Estados Unidos     Biblioteca de la Facultad de Medicina Veterinaria y Zootecnia Biblioteca de la Facultad de Medicina Veterinaria y Zootecnia General 11/04/2018 1a. Ciencias Agropecuarias SF757.8 R33 1992 MVZ000004542 11/04/2018 C : 3 Libro